Statystyki dla Jakim zawodem ludzie nie chętnie się chwalą?

Kliknij tutaj aby rozwiązać quiz!

Ogólne statystyki

  • Ten quiz został rozwiązany 46 razy
  • Średni wynik to 2 z 7

Statystyki odpowiedzi

Odpowiedź% Poprawnych
Sprzątaczka
73%
Śmieciarz
54%
Policjant
51%
Grabarz
43%
Kanalarz
11%
Babcia Klozetowa
8%
Pomoc Domowa
0%

Rozkład punktacji

Percentyl według liczby udzielonych odpowiedzi

Procent ludzi z każdym wynikiem

Twoja historia wyników

Nie rozwiązałeś tego quizu